[Event "GER CCM-E01-C email"]
[Site "GER email"]
[Date "2017.06.26"]
[Round "?"]
[White "Davidov, Deian Nikolov"]
[Black "Mergard, Hans Peter"]
[Result "1/2-1/2"]
[WhiteElo "2224"]
[BlackElo "2161"]
[PlyCount "31"]
[EventDate "2017.??.??"]
[EventType "tourn (corr)"]
[EventRounds "13"]
[EventCountry "GER"]
[SourceTitle "Corr 2020"]
[Source "ChessBase"]
[SourceDate "2019.09.30"]
[SourceVersion "1"]
[SourceVersionDate "2019.09.30"]
[SourceQuality "1"]

1. d4 Nf6 2. c4 g6 3. f3 Bg7 4. e4 d6 5. Nc3 0-0 6. Be3 c5 7. Nge2 Nc6 8. d5 Na5 9. b3 a6 10. Rc1 Rb8 11. Ng3 Bd7 12. Bd3 b5 13. Qe2 bxc4 14. bxc4 Qc7 15. 0-0 h5 16. Nh1 1/2-1/2

[Event "GER CCM-E01-C email"]
[Site "GER email"]
[Date "2017.06.26"]
[Round "?"]
[White "Jansen, Uwe"]
[Black "Mergard, Hans Peter"]
[Result "1/2-1/2"]
[WhiteElo "2145"]
[BlackElo "2161"]
[PlyCount "75"]
[EventDate "2017.??.??"]
[EventType "tourn (corr)"]
[EventRounds "13"]
[EventCountry "GER"]
[SourceTitle "Corr 2020"]
[Source "ChessBase"]
[SourceDate "2019.09.30"]
[SourceVersion "1"]
[SourceVersionDate "2019.09.30"]
[SourceQuality "1"]

1. e4 e5 2. Nf3 Nf6 3. Nc3 Nc6 4. d4 exd4 5. Nxd4 Bb4 6. Nxc6 bxc6 7. Bd3 d5 8. exd5 cxd5 9. 0-0 0-0 10. a3 Bd6 11. Bg5 c6 12. Re1 Be6 13. Qd2 Re8 14. Rad1 h6 15. Bf4 Rb8 16. b4 a5 17. b5 Qc7 18. Bxd6 Qxd6 19. h3 c5 20. a4 Qc7 21. Nb1 d4 22. c4 Re7 23. Qc2 Nh5 24. Nd2 Nf4 25. Bf1 Rbe8 26. Qc1 Ng6 27. Nf3 Nf8 28. Bd3 Nd7 29. Qc2 Nb6 30. Nd2 Nd7 31. Nf3 Nb6 32. Nd2 Kf8 33. Re4 Nd7 34. Rde1 f6 35. Nf3 g5 36. Qd2 Bf7 37. Rxe7 Rxe7 38. Rxe7 1/2-1/2

[Event "GER CCM-E01-C email"]
[Site "GER email"]
[Date "2017.06.26"]
[Round "?"]
[White "Latas, Perica"]
[Black "Mergard, Hans Peter"]
[Result "1/2-1/2"]
[WhiteElo "2223"]
[BlackElo "2161"]
[PlyCount "35"]
[EventDate "2017.??.??"]
[EventType "tourn (corr)"]
[EventRounds "13"]
[EventCountry "GER"]
[SourceTitle "Corr 2017"]
[Source "ChessBase"]
[SourceDate "2017.09.19"]
[SourceVersion "1"]
[SourceVersionDate "2017.09.19"]
[SourceQuality "1"]

1. e4 e5 2. Nf3 Nf6 3. Nxe5 d6 4. Nf3 Nxe4 5. d4 d5 6. Bd3 Nc6 7. 0-0 Be7 8. c4 Nb4 9. Be2 0-0 10. Nc3 Bf5 11. a3 Nxc3 12. bxc3 Nc6 13. cxd5 Qxd5 14. Bf4 Na5 15. Bxc7 Rac8 16. Bxa5 Qxa5 17. c4 Bf6 18. Bd3 1/2-1/2

[Event "GER CCM-E01-C email"]
[Site "GER email"]
[Date "2017.06.26"]
[Round "?"]
[White "Mergard, Hans Peter"]
[Black "Baroin, Bernard"]
[Result "1/2-1/2"]
[WhiteElo "2161"]
[BlackElo "2220"]
[PlyCount "26"]
[EventDate "2017.??.??"]
[EventType "tourn (corr)"]
[EventRounds "13"]
[EventCountry "GER"]
[SourceTitle "Corr 2020"]
[Source "ChessBase"]
[SourceDate "2019.09.30"]
[SourceVersion "1"]
[SourceVersionDate "2019.09.30"]
[SourceQuality "1"]

1. e4 e5 2. Nf3 Nc6 3. Bb5 a6 4. Ba4 Nf6 5. 0-0 Be7 6. Re1 b5 7. Bb3 0-0 8. c3 d6 9. h3 Nb8 10. d4 Nbd7 11. Nbd2 c5 12. Bc2 cxd4 13. cxd4 Bb7 1/2-1/2

[Event "GER CCM-E01-C email"]
[Site "GER email"]
[Date "2017.06.26"]
[Round "?"]
[White "Schulz, Rene"]
[Black "Mergard, Hans Peter"]
[Result "1/2-1/2"]
[WhiteElo "2184"]
[BlackElo "2161"]
[PlyCount "65"]
[EventDate "2017.??.??"]
[EventType "tourn (corr)"]
[EventRounds "13"]
[EventCountry "GER"]
[SourceTitle "Corr 2017"]
[Source "ChessBase"]
[SourceDate "2017.09.19"]
[SourceVersion "1"]
[SourceVersionDate "2017.09.19"]
[SourceQuality "1"]

1. e4 e5 2. Nf3 Nf6 3. Nxe5 d6 4. Nf3 Nxe4 5. d4 d5 6. Bd3 Nc6 7. 0-0 Be7 8. c4 Nb4 9. Be2 0-0 10. a3 Nc6 11. cxd5 Qxd5 12. Nc3 Nxc3 13. bxc3 Bf5 14. Bf4 Na5 15. Bxc7 Rac8 16. Bxa5 Qxa5 17. c4 Bf6 18. Bd3 Bg4 19. h3 Bxf3 20. Qxf3 Rcd8 21. Rad1 Rfe8 22. d5 Be7 23. a4 Bc5 24. Rb1 b6 25. Qd1 Qc3 26. h4 Re5 27. Rc1 Qd4 28. g3 g6 29. Kg2 Rde8 30. Rb1 a5 31. Qf3 Qc3 32. Rfc1 Qa3 33. Ra1 1/2-1/2